[Event "SRB-chT Premier"]
[Site "Bajina Basta"]
[Date "2023.09.28"]
[Round "11.5"]
[White "Dvornic, Mladen"]
[Black "Strikovic, Aleksa"]
[Result "1/2-1/2"]
[WhiteElo "2254"]
[BlackElo "2450"]
[PlyCount "63"]
[EventDate "2023.09.18"]
[EventType "team-tourn"]
[EventRounds "11"]
[EventCountry "SRB"]
[SourceTitle "EXT 2024"]
[Source "ChessBase"]
[SourceDate "2023.10.10"]
[SourceVersion "1"]
[SourceVersionDate "2023.10.10"]
[SourceQuality "1"]
[WhiteTeam "Petrovaradin Kraljica"]
[BlackTeam "Pozega"]
[WhiteTeamCountry "SRB"]
[BlackTeamCountry "SRB"]

1. e4 d6 2. d4 Nf6 3. Nc3 e5 4. Nf3 Nbd7 5. Bc4 Be7 6. 0-0 0-0 7. Re1 Nb6 8. Bf1 exd4 9. Nxd4 d5 10. exd5 Nbxd5 11. Nxd5 Nxd5 12. c4 Nf6 13. Bf4 Bb4 14. Re3 Ng4 15. Rd3 Qf6 16. Bg3 Bc5 17. Qd2 Ne5 18. Bxe5 Qxe5 19. Re1 Qf6 20. b4 Bxd4 21. Rxd4 Be6 22. g3 Rfd8 23. Rd1 Rxd4 24. Qxd4 Qxd4 25. Rxd4 Kf8 26. Bg2 Rb8 27. f4 Ke7 28. a3 b6 29. Bc6 Rd8 30. Rxd8 Kxd8 31. c5 Bd7 32. b5 1/2-1/2

[Event "SRB-chT Premier"]
[Site "Bajina Basta"]
[Date "2023.09.18"]
[Round "1.2"]
[White "Dvornic, Mladen"]
[Black "Jovanovic, Dusan D"]
[Result "0-1"]
[WhiteElo "2254"]
[BlackElo "2393"]
[PlyCount "120"]
[EventDate "2023.09.18"]
[EventType "team-tourn"]
[EventRounds "11"]
[EventCountry "SRB"]
[SourceTitle "EXT 2024"]
[Source "ChessBase"]
[SourceDate "2023.10.10"]
[SourceVersion "1"]
[SourceVersionDate "2023.10.10"]
[SourceQuality "1"]
[WhiteTeam "Petrovaradin Kraljica"]
[BlackTeam "Kostolac Rudar"]
[WhiteTeamCountry "SRB"]
[BlackTeamCountry "SRB"]

1. e4 e5 2. Nf3 Nc6 3. Bb5 a6 4. Ba4 Nf6 5. 0-0 Be7 6. Re1 b5 7. Bb3 0-0 8. h3 d6 9. c3 Nb8 10. d4 Nbd7 11. Nbd2 Bb7 12. Bc2 Re8 13. Nf1 Bf8 14. Ng3 g6 15. a4 c5 16. dxe5 dxe5 17. b3 Qc7 18. Qe2 b4 19. Bb2 bxc3 20. Bxc3 Nb8 21. Bd3 Nc6 22. Qb2 Rad8 23. Bc4 Bh6 24. Bd2 Bxd2 25. Nxd2 Nd4 26. Qc3 h5 27. Nf3 Kg7 28. Ng5 h4 29. Nf1 Rf8 30. Rac1 Qe7 31. Nd2 Nh5 32. Ngf3 Nf4 33. Bf1 Qf6 34. Qxc5 Rc8 35. Qb4 Nfe2+ 36. Kh1 Nxc1 37. Qxb7 Rb8 38. Qxa6 Rb6 39. Qa5 Ncxb3 40. Nxb3 Nxf3 41. Re3 Nd4 42. Nxd4 exd4 43. Rf3 Qd6 44. Bb5 Rc8 45. Qd2 Qc5 46. Rd3 Rd6 47. f4 Rf6 48. Kh2 Qc1 49. f5 Qa1 50. Qf2 Rc1 51. g4 hxg3+ 52. Rxg3 Re1 53. Qg2 Re3 54. Qf2 Rxe4 55. Bd3 Re5 56. Qf4 Re1 57. Qf2 Rh1+ 58. Kg2 Rd1 59. Bc2 Rc1 60. Bd3 Qxa4 0-1

[Event "SRB-chT 2nd League"]
[Site "Vrnjacka Banja"]
[Date "2022.11.07"]
[Round "5.3"]
[White "Dvornic, Mladen"]
[Black "Elez, Nikola"]
[Result "1/2-1/2"]
[WhiteElo "2262"]
[BlackElo "2138"]
[PlyCount "63"]
[EventDate "2022.11.04"]
[EventType "team-tourn"]
[EventRounds "11"]
[EventCountry "SRB"]
[SourceTitle "CBM 211 Extra"]
[Source "ChessBase"]
[SourceDate "2023.01.31"]
[SourceVersion "1"]
[SourceVersionDate "2023.01.31"]
[SourceQuality "1"]
[WhiteTeam "Petrovaradin Kraljica"]
[BlackTeam "Nova Pazova Mladost"]
[WhiteTeamCountry "SRB"]
[BlackTeamCountry "SRB"]

1. e4 c5 2. Nf3 d6 3. d4 cxd4 4. Nxd4 Nf6 5. Nc3 g6 6. f3 Bg7 7. Be3 0-0 8. Bc4 Nc6 9. Qd2 Bd7 10. 0-0-0 Rb8 11. Bb3 Na5 12. h4 b5 13. Kb1 e5 14. Nde2 Nxb3 15. cxb3 b4 16. Nd5 Nxd5 17. Qxd5 Be6 18. Qxd6 Qa5 19. Qc5 Qa6 20. Nc1 Rfc8 21. Rd6 Qb7 22. Qxa7 Qb5 23. Rhd1 Bf8 24. R6d2 f5 25. Rd6 Bxd6 26. Rxd6 Bf7 27. exf5 gxf5 28. Qe7 f4 29. Qg5+ Kf8 30. Qh6+ Kg8 31. Qg5+ Kf8 32. Qh6+ 1/2-1/2

[Event "Vojvodina-chT 21st"]
[Site "Backa Palanka"]
[Date "2021.10.23"]
[Round "1.4"]
[White "Elez, Nikola"]
[Black "Dvornic, Mladen"]
[Result "0-1"]
[WhiteElo "2096"]
[BlackElo "2282"]
[PlyCount "58"]
[EventDate "2021.10.23"]
[EventType "team-tourn"]
[EventRounds "11"]
[EventCountry "SRB"]
[SourceTitle "CBM 204 Extra"]
[Source "ChessBase"]
[SourceDate "2021.11.30"]
[SourceVersion "1"]
[SourceVersionDate "2021.11.30"]
[SourceQuality "1"]
[WhiteTeam "Rastina Polet"]
[BlackTeam "Petrovaradin Kraljica"]
[WhiteTeamCountry "SRB"]
[BlackTeamCountry "SRB"]

1. e4 c5 2. b3 g6 3. Bb2 Nf6 4. e5 Nd5 5. Qf3 Nb4 6. Na3 Bg7 7. Qg3 N8c6 8. Nf3 d6 9. 0-0-0 dxe5 10. Nxe5 0-0 11. h4 Bf5 12. h5 Nxe5 13. Bxe5 Bxe5 14. Qxe5 Qd4 15. Qxd4 cxd4 16. hxg6 Bxg6 17. c3 Rac8 18. Kb2 Nd5 19. c4 Nb4 20. Nb5 Rfd8 21. Rh4 e5 22. Re1 a6 23. Na3 Bd3 24. Be2 b5 25. cxb5 Bxe2 26. Rxe2 Nd3+ 27. Ka1 Rc1+ 28. Nb1 Rdc8 29. a3 R8c2 0-1

[Event "CRO-chT2 East"]
[Site "Croatia"]
[Date "2014.05.11"]
[Round "6.11"]
[White "Dvornic, Mladen"]
[Black "Pandurevic, Miro"]
[Result "0-1"]
[WhiteElo "2274"]
[BlackElo "2262"]
[PlyCount "122"]
[EventDate "2014.04.26"]
[EventType "team-tourn"]
[EventRounds "11"]
[EventCountry "CRO"]
[SourceTitle "EXT 2019"]
[Source "ChessBase"]
[SourceDate "2018.10.10"]
[SourceVersion "1"]
[SourceVersionDate "2018.10.10"]
[SourceQuality "1"]

1. e4 e6 2. d4 d5 3. Nc3 Nf6 4. e5 Nfd7 5. f4 c5 6. Nf3 Nc6 7. Be3 a6 8. Qd2 b5 9. g4 Qb6 10. Be2 Bb7 11. 0-0 f6 12. Nd1 cxd4 13. Nxd4 Nxd4 14. Bxd4 Bc5 15. c3 b4 16. Qe3 0-0 17. Nf2 Rac8 18. Bd3 Rf7 19. Rae1 Re8 20. g5 f5 21. g6 Rfe7 22. gxh7+ Kh8 23. Nh3 g6 24. Ng5 Rg7 25. Rc1 bxc3 26. bxc3 Qc6 27. Rb1 Ba8 28. h4 Be7 29. Kg2 Nf8 30. Rb6 Qxb6 31. Bxb6 d4+ 32. Qf3 Bxg5 33. hxg5 dxc3 34. Bxa6 c2 35. Rc1 Bxf3+ 36. Kxf3 Rb8 37. Bd4 Rc7 38. Be3 Ra8 39. Bd3 Rxa2 40. Ke2 Nd7 41. Kd2 Nc5 42. Rxc2 Rxc2+ 43. Bxc2 Kxh7 44. Bxc5 Rxc5 45. Bb3 Rc6 46. Bd1 Kg7 47. Bf3 Rc4 48. Ke3 Rc3+ 49. Ke2 Kf7 50. Bb7 Rb3 51. Bc6 Ke7 52. Ba8 Kd7 53. Bf3 Kc7 54. Ba8 Kb6 55. Bh1 Kc5 56. Ba8 Rb8 57. Bh1 Rh8 58. Bb7 Kb6 59. Bf3 Rh2+ 60. Ke3 Rh3 61. Ke2 Rxf3 0-1

[Event "CRO-chT2 East"]
[Site "Osijek"]
[Date "2013.04.20"]
[Round "1.23"]
[White "Dvornic, Mladen"]
[Black "Grandic, Zvjezdan"]
[Result "0-1"]
[WhiteElo "2286"]
[BlackElo "2182"]
[PlyCount "64"]
[EventDate "2013.04.20"]
[EventType "team-tourn"]
[EventRounds "11"]
[EventCountry "CRO"]
[SourceTitle "EXT 2023"]
[Source "ChessBase"]
[SourceDate "2022.10.05"]
[SourceVersion "1"]
[SourceVersionDate "2022.10.05"]
[SourceQuality "1"]

1. e4 d6 2. d4 Nf6 3. Nc3 Nbd7 4. f4 e5 5. Nf3 exd4 6. Nxd4 Nc5 7. e5 dxe5 8. fxe5 Nfe4 9. Bb5+ Bd7 10. Nxe4 Nxe4 11. Qf3 Bc5 12. e6 0-0 13. Qxe4 Bxb5 14. Nxb5 Re8 15. Bf4 Rxe6 16. Be5 Qe7 17. 0-0-0 c6 18. Rhe1 Re8 19. Nd4 Qg5+ 20. Bf4 Rxe4 21. Rxe4 Qd8 22. Bc7 Qc8 23. Rxe8+ Qxe8 24. Nf5 Be3+ 25. Kb1 Bg5 26. Ba5 g6 27. Nd6 Qd7 28. Rd3 Be7 29. Nxf7 Qe6 30. Rf3 Qd5 31. b4 b6 32. Nh6+ Kg7 0-1

[Event "CRO-chT2 Ost"]
[Site "Osijek"]
[Date "2012.10.28"]
[Round "10.33"]
[White "Dvornic, Mladen"]
[Black "Bosnjak, Petar"]
[Result "1/2-1/2"]
[WhiteElo "2314"]
[BlackElo "1918"]
[PlyCount "21"]
[EventDate "2012.04.21"]
[EventType "team-tourn"]
[EventRounds "11"]
[EventCountry "CRO"]
[SourceTitle "EXT 2014"]
[Source "ChessBase"]
[SourceDate "2013.11.20"]
[SourceVersion "1"]
[SourceVersionDate "2013.11.20"]
[SourceQuality "1"]

1. d4 Nf6 2. c4 e6 3. Nf3 b6 4. g3 Bb7 5. Bg2 Be7 6. Nc3 0-0 7. 0-0 Ne4 8. Qc2 Nxc3 9. Qxc3 c5 10. Rd1 d6 11. b3 1/2-1/2

[Event "CRO-chT2 Ost"]
[Site "Osijek"]
[Date "2012.04.22"]
[Round "3.12"]
[White "Dabo Peranic, Robert"]
[Black "Dvornic, Mladen"]
[Result "1-0"]
[WhiteElo "2318"]
[BlackElo "2314"]
[PlyCount "125"]
[EventDate "2012.04.21"]
[EventType "team-tourn"]
[EventRounds "11"]
[EventCountry "CRO"]
[SourceTitle "EXT 2014"]
[Source "ChessBase"]
[SourceDate "2013.11.20"]
[SourceVersion "1"]
[SourceVersionDate "2013.11.20"]
[SourceQuality "1"]

1. e4 c5 2. Nf3 e6 3. d4 cxd4 4. Nxd4 Nf6 5. Nc3 d6 6. g4 h6 7. Rg1 Nc6 8. h4 d5 9. Bb5 Bd7 10. exd5 Nxd4 11. Bxd7+ Qxd7 12. Qxd4 Nxd5 13. Nxd5 Qxd5 14. Qxd5 exd5 15. Be3 Be7 16. h5 b6 17. 0-0-0 0-0-0 18. Bd4 f6 19. Rge1 Rhe8 20. f3 Kc7 21. Kd2 Bd6 22. Kd3 Bg3 23. Rxe8 Rxe8 24. Be3 Be5 25. b3 Kc6 26. Bf2 Bd6 27. a4 Bc5 28. Re1 Rxe1 29. Bxe1 a6 30. c4 dxc4+ 31. bxc4 Kd6 32. Ke4 Ke6 33. Bg3 Bg1 34. Bb8 Bf2 35. f4 Be1 36. f5+ Kd7 37. Kd5 Bb4 38. Bf4 Be7 39. Be3 Bd8 40. Bd4 Bc7 41. Bc3 Bd6 42. a5 bxa5 43. Bxa5 Bf4 44. c5 Bc7 45. c6+ Kd8 46. Bb4 Ke8 47. Ke6 a5 48. Ba3 Be5 49. Kd5 Kd8 50. Bf8 a4 51. Kc4 Bf4 52. Bxg7 Bg5 53. Bf8 Kc7 54. Kd5 Bc1 55. Ke6 Bg5 56. Kd5 Bc1 57. Bd6+ Kc8 58. Kc4 a3 59. Kb3 Kd8 60. Bxa3 Bxa3 61. Kxa3 Kc7 62. g5 fxg5 63. f6 1-0

[Event "Vojvodina-chT 2nd League"]
[Site "Sombor"]
[Date "2010.10.15"]
[Round "7"]
[White "Govedarica, Radovan"]
[Black "Dvornic, Mladen"]
[Result "0-1"]
[WhiteElo "2405"]
[BlackElo "2303"]
[PlyCount "62"]
[EventDate "2010.10.10"]
[EventType "team-tourn"]
[EventRounds "9"]
[EventCountry "YUG"]
[SourceTitle "CBM 138 Extra"]
[Source "ChessBase"]
[SourceDate "2010.10.29"]
[SourceVersion "1"]
[SourceVersionDate "2010.10.29"]
[SourceQuality "1"]

1. e4 c5 2. Nf3 e6 3. d4 cxd4 4. Nxd4 Nf6 5. Nc3 d6 6. g4 h6 7. g5 hxg5 8. Bxg5 Nc6 9. h4 a6 10. Qd2 Qb6 11. Nb3 Bd7 12. 0-0-0 0-0-0 13. Bg2 Be7 14. f4 Kb8 15. Rhe1 Qc7 16. Nd5 exd5 17. exd5 Bg4 18. dxc6 Bxd1 19. Kxd1 d5 20. cxb7 Ne4 21. Qe2 f6 22. Qxa6 Qxb7 23. Qa4 Qb4 24. Qa6 Rd6 25. Qe2 fxg5 26. fxg5 Rxh4 27. c3 Qb6 28. Kc1 Bxg5+ 29. Kb1 Re6 30. Qd1 Qf2 31. Ka1 Nxc3 0-1

[Event "Vojvodina-chT 2nd League"]
[Site "Sombor"]
[Date "2010.10.13"]
[Round "4"]
[White "Dvornic, Mladen"]
[Black "Sertic, Rudolf"]
[Result "0-1"]
[WhiteElo "2303"]
[BlackElo "2422"]
[PlyCount "55"]
[EventDate "2010.10.10"]
[EventType "team-tourn"]
[EventRounds "9"]
[EventCountry "YUG"]
[SourceTitle "CBM 138 Extra"]
[Source "ChessBase"]
[SourceDate "2010.10.29"]
[SourceVersion "1"]
[SourceVersionDate "2010.10.29"]
[SourceQuality "1"]

1. d4 Nf6 2. c4 c5 3. d5 b5 4. cxb5 a6 5. bxa6 g6 6. Nc3 Bxa6 7. e4 Bxf1 8. Kxf1 d6 9. g3 Bg7 10. Kg2 0-0 11. Nf3 Nbd7 12. Re1 Ng4 13. Bf4 Qa5 14. h3 Nge5 15. Nxe5 Nxe5 16. Qe2 Rfb8 17. Rac1 Qa6 18. Bxe5 Bxe5 19. Rc2 Kg7 20. Qxa6 Rxa6 21. Ree2 Rb4 22. a3 Rb3 23. Nd1 Ra4 24. Re3 Rb7 25. f4 Bd4 26. Rd3 f5 27. Kf3 Kf7 28. g4 0-1